|
|
|
|
| LEADER |
01419cam a2200313 a 4500 |
| 001 |
0000107856 |
| 005 |
20090401090000.0 |
| 040 |
|
|
|a mod
|
| 041 |
|
|
|a eng
|
| 090 |
0 |
0 |
|a 959.053
|b POL
|e 1984
|
| 245 |
0 |
0 |
|a Politics in the ASEAN states
|c edited by Diane K. Mauzy
|
| 260 |
0 |
0 |
|a Kuala Lumpur
|b Marican
|c 1984
|
| 300 |
|
|
|a 343p.
|c 23cm
|
| 440 |
0 |
0 |
|a Maricans Academic Series
|
| 504 |
0 |
0 |
|a Includes bibliographies and index
|
| 610 |
1 |
0 |
|a ASEAN
|
| 651 |
0 |
0 |
|a Southeast Asia
|x Politics and government
|y 1945-
|
| 700 |
1 |
1 |
|a Mauzy
|h Diane K
|
| 852 |
0 |
0 |
|a 01
|
| 999 |
|
|
|a 0000001377
|b MTAT
|d BOOKS
|e Umum
|f MTAT
|j WEEDED
|p 1
|q GOOD CONDITION
|
| 999 |
|
|
|a 0000004304
|b MTAT
|d BOOKS
|e Umum
|f MTAT
|j WEEDED
|p 2
|q GOOD CONDITION
|
| 999 |
|
|
|a 0000004305
|b MTAT
|d BOOKS
|e Umum
|f MTAT
|j WEEDED
|p 3
|q GOOD CONDITION
|
| 999 |
|
|
|a 0000004306
|b MTAT
|d BOOKS
|e Umum
|f MTAT
|j WEEDED
|p 4
|q GOOD CONDITION
|
| 999 |
|
|
|a 0000004307
|b MTAT
|d BOOKS
|e Umum
|f MTAT
|j WEEDED
|p 5
|q GOOD CONDITION
|
| 999 |
|
|
|a 1000001208
|b Maktab Pertahanan Angkatan Tentera
|d BOOKS
|e Umum
|f MPAT
|j WEEDED
|q OLD
|
| 999 |
|
|
|a 1000005489
|b Maktab Pertahanan Angkatan Tentera
|d BOOKS
|e Umum
|f MPAT
|j AVAILABLE
|q OLD
|
| 999 |
|
|
|a 1000006030
|b Maktab Pertahanan Angkatan Tentera
|d BOOKS
|e Umum
|f MPAT
|j WEEDED
|q OLD
|
| 999 |
|
|
|a 1000008332
|b Maktab Pertahanan Angkatan Tentera
|d BOOKS
|e Umum
|f MPAT
|j AVAILABLE
|q OLD
|
| 999 |
|
|
|a H100001129
|b Maktab Pertahanan Angkatan Tentera
|d BOOKS
|e Umum
|f MPAT
|j WEEDED
|q GOOD CONDITION
|